01035 2200409 4500001002100000005001500021035002500036008004100061090001400102100002100116245008200137250002400219260003100243300003800274650002100312700001400333850001200347980001500359985000600374007000300380040001700383082001200400084001400412504002500426990001500451990001500466990001500481990001400496990001400510990001400524990001400538990001500552990001500567990001500582990001400597990001400611YOGYA-0209000004957520200318094031 a0010-020900000049575090227r19881991jkia g ind d a418 MAI p0 aMaidar G. Arsjad10aPembinaan kemampuan berbicara bahasa Indonesia /cMaidar G. Arsjad, Mukti U.S aCetakan kedua, 199131aJakarta :bErlangga,c1991 aix, 136 halaman :btabel ;c24 cm 4aBahasa Indonesia0 aMukti U.S aYOPDYOG a28-09-2007 a1ta aYOPDYOGbind04223a418 a418 MAI p aTermasuk Bibliografi a58421-P/95 a42906-P/93 a58422-P/95 a1681-P/99 a1682-P/99 a1683-P/99 a1681-P/99 a58421-P/95 a42906-P/93 a58422-P/95 a1682-P/99 a1683-P/99